000 00442nam a22001817a 4500
003 MPLRDC
005 20220104114003.0
008 210129b ||||| |||| 00| 0 eng d
082 _a830.8 XDSX v.25
100 _a吴玲瑶
245 _a化外集
_c
250 _a一版一刷
260 _a
_b希代书版有限公司
_c1987
300 _b
490 _a希代书系. 25
650 _a中国文学总集
942 _cBK
_o830.8 XDSX v.25
999 _c3934
_d3924